| 000 | 00394nam a2200169Ia 4500 | ||
|---|---|---|---|
| 100 | _aHirano Hiroyuki | ||
| 650 | _a5S | ||
| 942 | _cRB | ||
| 366 | _f25 | ||
| 654 | _a5s | ||
| 245 | _a5 Pillars of the visual workplace: The source book for 5S implementation | ||
| 260 |
_bProductivity Press _c1995 |
||
| 082 |
_a658.5 _bHIR |
||
| 300 | _a353 | ||
| 546 |
_aENGLISH _cInfo.Tech |
||
| 999 |
_c30407 _d30407 |
||